|
|
|
|
| LEADER |
00000nas a2200000 a 4500 |
| 001 |
ssj0001969 |
| 003 |
WaSeSS |
| 005 |
20200512172242.0 |
| 006 |
m d |
| 007 |
cr n |
| 008 |
980511c19879999nyumx pss 0 0eng c |
| 010 |
|
|
|a 2004233032
|
| 016 |
7 |
|
|a 012434589
|2 Uk
|
| 016 |
7 |
|
|a 2010168 5
|2 DE-600
|
| 022 |
|
|
|a 1873-1244
|l 0899-9007
|y 0899-9007
|
| 035 |
|
|
|a (WaSeSS)ssj0001969
|
| 040 |
|
|
|a OH1
|b eng
|c OH1
|d OCL
|d OCLCQ
|d GUA
|d OCLCQ
|d DLC
|d U9S
|d OCLCQ
|d UKMGB
|d OCLCQ
|d OCLCO
|d OPELS
|d OCLCF
|d OCLCO
|d VT2
|d OCLCQ
|d OCLCO
|d OCLCQ
|d OCLCO
|d BUF
|d U3W
|d EZC
|d FQM
|d AU@
|d OCLCO
|d WYU
|d TKN
|d OCLCO
|d WaSeSS
|
| 042 |
|
|
|a pcc
|
| 050 |
1 |
4 |
|a QP141.A1
|
| 082 |
0 |
4 |
|a 613.2
|2 23
|
| 130 |
0 |
|
|a Nutrition (Burbank, Los Angeles County, Calif. : Online)
|
| 245 |
1 |
0 |
|a Nutrition
|h [electronic resource].
|
| 260 |
|
|
|a [New York] :
|b Elsevier Science Inc.
|
| 310 |
|
|
|a Twelve no. a year
|
| 362 |
1 |
|
|a Print began with vol. 3, no. 3 (May/June 1987).
|
| 500 |
|
|
|a Some issues also have distinctive theme titles.
|
| 500 |
|
|
|a "The international journal of applied and basic nutritional sciences."
|
| 506 |
|
|
|a License restrictions may limit access.
|
| 515 |
|
|
|a Some nos. issued in combined form.
|
| 525 |
|
|
|a Has supplements.
|
| 588 |
|
|
|a Description based on: Vol. 12, issue 1 (Jan. 1996); title from contents screen (ScienceDirect, viewed Jan. 14, 2004).
|
| 588 |
|
|
|a Latest issue consulted: Vol. 20, issue 1 (Jan. 2004).
|
| 650 |
|
0 |
|a Nutrition
|v Periodicals.
|
| 650 |
|
0 |
|a Diet therapy
|v Periodicals.
|
| 650 |
|
6 |
|a Nutrition
|x Périodiques.
|
| 650 |
|
6 |
|a Diétothérapie
|v Périodiques.
|
| 650 |
|
7 |
|a Diet therapy.
|2 fast
|0 (OCoLC)fst00893321
|
| 650 |
|
7 |
|a Nutrition.
|2 fast
|0 (OCoLC)fst01042187
|
| 650 |
|
2 |
|a Nutrition.
|
| 650 |
|
2 |
|a Nutrition
|v Periodicals.
|
| 650 |
|
2 |
|a Nutritional Physiological Phenomena
|v Periodicals.
|
| 650 |
|
2 |
|a Nutritional Physiological Phenomena.
|
| 650 |
|
2 |
|a Nutrition
|v periodicals.
|
| 655 |
|
0 |
|a Electronic journals.
|
| 776 |
0 |
8 |
|i Print version:
|t Nutrition (Burbank, Los Angeles County, Calif.)
|x 0899-9007
|w (DLC) 88644518
|w (OCoLC)17651592
|
| 856 |
4 |
0 |
|z Full text available from Research Library: 01/01/1998 to 12/31/1998
|u https://search.proquest.com/publication/105601
|
| 856 |
4 |
0 |
|z Full text available from Research Library: 01/01/2003 to 2 months ago
|u https://search.proquest.com/publication/105601
|